LDR 00972naa#a2200169#i#450# 001 RU\\bibl\118120 005 20260428085233.2 011 ## _a3033-8239 100 ## _a20260401b2026####ek#y0rusy0150####ca 102 ## _aRU 200 1# _aИнтеллектуальный суверенитет: симбиоз человеческого капитала и интеллектуальных систем в эпоху цифровой трансформации _eЖурнальная статья 210 1# _aАрмавир _cАвтономная некоммерческая организация научно-исследовательский институт «Цифровая философия – Цифровой интеллект» _d2026 215 ## _a0 с. 608 ## _aЖурнальная статья _2local 675 ## _aИскусственный интеллект. 004.8 _z 700 #1 _aСметана _gВладимир Васильевич 856 4# _aintellectualsovereignty.ru _u